Přeskočit na obsah

Философия учебник

В учебнике представлен полный курс по философии для студентов биомедицинских специальностей, включающий как ее историю, так и изложение современных теоретических разработок. Одной из его особенностей стал принцип отбора материала: студентам предлагается концептуальный учебник, в котором в изложении...

Celý popis

Uloženo v:
Podrobná bibliografie
Hlavní autor: Моисеев В.И
Médium: Книга
Témata:
On-line přístup:https://www.studentlibrary.ru/book/ISBN9785970450772.html
Tagy: Přidat tag
Žádné tagy, Buďte první, kdo otaguje tento záznam!
LEADER 02091nam a2200277 4500
001 book/ISBN9785970450772
005 20250903142001.0
010 |a 978-5-9704-5077-2 
100 |a 20190521c2019 u y0rusy50 ca 
101 | |a rus 
102 |a RU 
105 |a ||||||||000yy 
200 1 |a Философия  |e учебник  |f Моисеев В.И., Моисеева О.Н. 
210 1 |a Москва  |c ГЭОТАР-Медиа  |d 2019 
215 |a 544 c. 
330 |a В учебнике представлен полный курс по философии для студентов биомедицинских специальностей, включающий как ее историю, так и изложение современных теоретических разработок. Одной из его особенностей стал принцип отбора материала: студентам предлагается концептуальный учебник, в котором в изложении традиций мировой философской мысли первостепенное значение отведено истории идей при сведении к минимуму биографических подробностей, а в основе систематического курса по общей философии лежит реализация идей синтеза и интеграции различных философских подходов.Издание предназначено студентам биомедицинских специальностей медицинских вузов. 
610 0 |a Биоэтика 
610 0 |a Философия 
610 0 |a Философия, этика и религиоведение 
675 |a 1(075.8) 
686 |a 87.0я73  |2 rubbk 
700 1 |a Моисеев  |b В.И. 
701 1 |a Моисеева  |b О.Н. 
801 0 |a RU  |b Geotar  |c 20190521  |g RCR  |2 rusmarc 
801 1 |a RU  |b Geotar  |c 20190521 
856 4 |u https://www.studentlibrary.ru/book/ISBN9785970450772.html 
Cannot write session to /tmp/vufind_sessions/sess_9imi6gotfbj25lv4lg8f8be6el